| 000 | 00367nam a2200145Ia 4500 | ||
|---|---|---|---|
| 008 | 230312s9999||||xx |||||||||||||| ||und|| | ||
| 020 | _a978-0-470-55423 | ||
| 082 |
_a004.21 _bCOO-I |
||
| 100 | _aWonsiewicz,B.C | ||
| 245 | 0 | _aComputer Automation of Material Testing | |
| 260 |
_bWiley _aCanada _c2011 |
||
| 300 | _a336 | ||
| 650 |
_aComputer _vComputer |
||
| 942 | _cBK | ||
| 999 |
_c15779 _d15779 |
||